Statistiques concernant Effectif Juventus 2018/2019

Cliquez ici pour prendre le quiz!

Statistiques générales

  • Ce quiz a été pris 150 fois
  • Le résultat moyen est 15 sur 24

Statistiques - réponses

PosteNuméroJoueurs% Correct
ATT7Cristiano Ronaldo
95%
MIL10Paulo Dybala
93%
DEF19Leonardo Bonucci
89%
DEF3Giorgio Chiellini
88%
DEF12Alex Sandro
78%
MIL14Blaise Matuidi
76%
DEF15Andrea Barzagli
74%
MIL5Miralem Pjanic
71%
MIL6Sami Khedira
71%
ATT16Juan Guillermo Cuadrado
69%
ATT17Mario Mandzukic
69%
ATT11Douglas Costa
63%
GAR1Wojciech Szczesny
60%
GAR22Mattia Perin
59%
ATT33Federico Bernardeschi
54%
DEF24Daniele Rugani
53%
DEF20João Cancelo
52%
ATT34Moise Kean
51%
DEF2Mattia De Sciglio
49%
DEF4Mehdi Benatia
45%
MIL30Rodrigo Bentancur
44%
GAR21Carlo Pinsoglio
42%
MIL23Emre Can
32%
DEF37Leonardo Spinazzola
24%

Distribution des résultats

Percentile par nombre de réponses

% des personnes avec chaque résultat

Votre développement - résultats

Vous n’avez pas pris ce quiz